[Event "Varese Province-ch"]
[Site "Gallarate"]
[Date "2013.01.19"]
[Round "1"]
[White "Musso, Roberto"]
[Black "Mondini, Francesco"]
[Result "1/2-1/2"]
[WhiteElo "1753"]
[BlackElo "1527"]
[PlyCount "132"]
[EventDate "2013.01.19"]
[EventType "swiss"]
[EventRounds "6"]
[EventCountry "ITA"]
[SourceTitle "EXT 2024"]
[Source "ChessBase"]
[SourceDate "2023.10.10"]
[SourceVersion "1"]
[SourceVersionDate "2023.10.10"]
[SourceQuality "1"]

1. e4 d5 2. exd5 Qxd5 3. Nc3 Qe5+ 4. Be2 Nc6 5. Nf3 Qc5 6. d4 Qb6 7. 0-0 Bf5 8. Na4 Qb4 9. c3 Qd6 10. Nc5 b6 11. Nd3 Bxd3 12. Qxd3 0-0-0 13. Qf5+ e6 14. Ba6+ Kb8 15. Qxf7 Nf6 16. Re1 Rd7 17. Qxe6 Qxe6 18. Rxe6 Nd8 19. Re1 Bd6 20. Bg5 Nd5 21. Ne5 Bxe5 22. dxe5 Ne6 23. Bh4 c6 24. Bc4 Rf8 25. Rad1 h5 26. h3 Rf4 27. Bxd5 cxd5 28. Bg3 Rf5 29. Kf1 g5 30. Bh2 Kc7 31. Re3 Kc6 32. g3 Rc7 33. g4 hxg4 34. hxg4 Rf8 35. f3 Rh8 36. Kg2 Rch7 37. Bg3 Nf4+ 38. Kf2 Nh3+ 39. Ke2 Nf4+ 40. Kd2 Kc5 41. Kc2 Ne6 42. Red3 Rd8 43. Bf2+ Kc6 44. Be3 Rh2+ 45. Kc1 Nf4 46. Bxf4 gxf4 47. c4 Rf2 48. cxd5+ Kd7 49. e6+ Kd6 50. Rc3 Ke7 51. g5 Rg2 52. Rc4 Rxg5 53. Rxf4 Rgxd5 54. Rxd5 Rxd5 55. Re4 Rf5 56. f4 Kd6 57. Kd2 Rd5+ 58. Ke3 Ke7 59. Ke2 Rc5 60. Kd2 Rd5+ 61. Kc3 Rc5+ 62. Kb4 Rf5 63. Kc4 Rc5+ 64. Kb4 Rf5 65. Kc4 Rc5+ 66. Kd4 Rf5 1/2-1/2

[Event "Lombardia Region-ch"]
[Site "Solaro"]
[Date "2011.05.28"]
[Round "2"]
[White "Ferraris, Fulvio"]
[Black "Mondini, Francesco"]
[Result "1-0"]
[WhiteElo "1713"]
[BlackElo "1539"]
[PlyCount "39"]
[EventDate "2011.05.27"]
[EventType "swiss"]
[EventRounds "5"]
[EventCountry "ITA"]
[SourceTitle "EXT 2023"]
[Source "ChessBase"]
[SourceDate "2022.10.05"]
[SourceVersion "1"]
[SourceVersionDate "2022.10.05"]
[SourceQuality "1"]

1. d4 d5 2. c4 c5 3. Nc3 Nf6 4. cxd5 cxd4 5. Nf3 e6 6. Bg5 Be7 7. e3 0-0 8. Qc2 h6 9. Bxf6 Bxf6 10. Bd3 Bd7 11. h4 Be8 12. g4 g6 13. g5 hxg5 14. Nxg5 Bxg5 15. hxg5 Kg7 16. f4 Rh8 17. Rh2 Rxh2 18. Qxh2 Bc6 19. Qh6+ Kg8 20. 0-0-0 1-0

[Event "Varese op 10th"]
[Site "Varese"]
[Date "2010.10.16"]
[Round "4"]
[White "Mondini, Francesco"]
[Black "Madaschi, Sergio"]
[Result "1/2-1/2"]
[WhiteElo "1517"]
[BlackElo "1587"]
[PlyCount "89"]
[EventDate "2010.10.09"]
[EventType "swiss"]
[EventRounds "6"]
[EventCountry "ITA"]
[SourceTitle "EXT 2024"]
[Source "ChessBase"]
[SourceDate "2023.10.10"]
[SourceVersion "1"]
[SourceVersionDate "2023.10.10"]
[SourceQuality "1"]

1. c4 e5 2. Nc3 Nf6 3. g3 Nc6 4. Bg2 Bb4 5. d3 0-0 6. a3 Bxc3+ 7. bxc3 d6 8. e3 Bd7 9. Ne2 Rb8 10. 0-0 Qe7 11. d4 e4 12. Nf4 Rfe8 13. Qe2 Bg4 14. f3 Bf5 15. Nd5 Nxd5 16. cxd5 Na5 17. Qb5 b6 18. Bd2 exf3 19. Bxf3 Bc8 20. Rab1 a6 21. Qd3 b5 22. e4 Nc4 23. a4 Bd7 24. Bf4 f6 25. Rfe1 g5 26. Bd2 Nxd2 27. Qxd2 bxa4 28. Qa2 Rb6 29. Rxb6 cxb6 30. Bh5 Rc8 31. e5 dxe5 32. d6+ Qe6 33. Qxe6+ Bxe6 34. dxe5 a3 35. exf6 a2 36. f7+ Kf8 37. Kf2 Bxf7 38. Bxf7 Kxf7 39. Ra1 Ke6 40. Rxa2 Kxd6 41. Rxa6 Rc6 42. Ke2 h5 43. Kd3 Ke5 44. Ra4 Kf5 45. h3 1/2-1/2

[Event "Varese op 10th"]
[Site "Varese"]
[Date "2010.10.09"]
[Round "1"]
[White "Della Rocca, Luigi"]
[Black "Mondini, Francesco"]
[Result "0-1"]
[WhiteElo "1767"]
[BlackElo "1517"]
[PlyCount "72"]
[EventDate "2010.10.09"]
[EventType "swiss"]
[EventRounds "6"]
[EventCountry "ITA"]
[SourceTitle "EXT 2024"]
[Source "ChessBase"]
[SourceDate "2023.10.10"]
[SourceVersion "1"]
[SourceVersionDate "2023.10.10"]
[SourceQuality "1"]

1. e4 e5 2. Nc3 Nc6 3. Bc4 Bc5 4. d3 Nf6 5. a3 a6 6. Bg5 h6 7. Bh4 Be7 8. Qd2 d6 9. f3 Nd4 10. Bf2 Ne6 11. Nge2 c6 12. d4 Nh5 13. dxe5 dxe5 14. Qxd8+ Bxd8 15. Bxe6 Bxe6 16. Bc5 Bc7 17. 0-0-0 b6 18. Bd6 0-0-0 19. Be7 Rd7 20. Rxd7 Kxd7 21. Bh4 g5 22. Bf2 Rg8 23. Na4 c5 24. g4 Nf6 25. h4 Nh7 26. h5 Kc6 27. Rd1 Nf6 28. b3 Nxg4 29. fxg4 Bxg4 30. Rd2 Bxh5 31. Ng3 Bg6 32. Nc3 h5 33. Nd5 Bd8 34. Nf5 Bxf5 35. exf5 g4 36. Bg3 Bg5 0-1

[Event "Lombardia Region-ch"]
[Site "Solaro"]
[Date "2010.05.30"]
[Round "5"]
[White "Attuati, Luca"]
[Black "Mondini, Francesco"]
[Result "0-1"]
[WhiteElo "1446"]
[BlackElo "1516"]
[PlyCount "88"]
[EventDate "2010.05.28"]
[EventType "swiss"]
[EventRounds "5"]
[EventCountry "ITA"]
[SourceTitle "EXT 2024"]
[Source "ChessBase"]
[SourceDate "2023.10.10"]
[SourceVersion "1"]
[SourceVersionDate "2023.10.10"]
[SourceQuality "1"]

1. e4 e5 2. Nf3 Nc6 3. Bb5 a6 4. Ba4 b5 5. Bb3 Nf6 6. d3 Bc5 7. Be3 Bxe3 8. fxe3 0-0 9. 0-0 d6 10. h3 Na5 11. Nc3 Bb7 12. Qe1 c5 13. Bd5 Nc6 14. a3 b4 15. Ne2 bxa3 16. Rxa3 Nxd5 17. exd5 Nb4 18. Qd2 Nxd5 19. e4 Ne7 20. Ng3 Qc7 21. c4 f5 22. Ng5 Qd7 23. Qe1 h6 24. Nf3 Qe6 25. Nd2 f4 26. Ne2 Qg6 27. Nf3 Bc8 28. Qh4 Nc6 29. Rb3 Nb4 30. Rc1 Bb7 31. Nc3 Nxd3 32. Rxb7 Nxc1 33. Kh2 Rab8 34. Ra7 Rxb2 35. Qg4 Qxg4 36. hxg4 Rc2 37. Nd5 Rb8 38. Kg1 Ne2+ 39. Kh2 Ng3 40. g5 Rb1 41. Ne7+ Kf8 42. Ng6+ Ke8 43. Kh3 Rh1+ 44. Kg4 h5# 0-1

[Event "Varese op 9th"]
[Site "Varese"]
[Date "2009.10.10"]
[Round "1"]
[White "Mondini, Francesco"]
[Black "Carbone, Lorenzo"]
[Result "0-1"]
[WhiteElo "1472"]
[BlackElo "1812"]
[PlyCount "82"]
[EventDate "2009.10.10"]
[EventType "swiss"]
[EventRounds "6"]
[EventCountry "ITA"]
[SourceTitle "EXT 2024"]
[Source "ChessBase"]
[SourceDate "2023.10.10"]
[SourceVersion "1"]
[SourceVersionDate "2023.10.10"]
[SourceQuality "1"]

1. c4 c5 2. Nc3 e6 3. g3 Nf6 4. Bg2 Be7 5. Nf3 0-0 6. e4 d6 7. b3 Nc6 8. Bb2 Nb4 9. d4 cxd4 10. Nxd4 Rb8 11. 0-0 Bd7 12. Nc2 Nc6 13. f4 Qb6+ 14. Kh1 Na5 15. Qd4 Qc7 16. Rad1 Nc6 17. Qd3 a6 18. Ne2 b5 19. cxb5 Rxb5 20. Ncd4 Rh5 21. Rc1 Qb7 22. e5 Nd5 23. Qf3 Rh6 24. Nxc6 Bxc6 25. Nd4 Bd7 26. Rf2 dxe5 27. fxe5 Bg5 28. Rc4 Be7 29. Rfc2 Qb8 30. Nc6 Bxc6 31. Rxc6 Nb4 32. Rc7 Nxc2 33. Rxe7 Qb4 34. Rb7 Qe1+ 35. Bf1 Ne3 36. Kg1 Qxf1+ 37. Qxf1 Nxf1 38. Kxf1 Rxh2 39. Ba3 Ra8 40. Bd6 Rxa2 41. b4 h6 0-1

[Event "Robecchetto op-B 19th"]
[Site "Robecchetto"]
[Date "2008.12.27"]
[Round "1"]
[White "Mondini, Francesco"]
[Black "Attuati, Stefano"]
[Result "0-1"]
[WhiteElo "1556"]
[BlackElo "1778"]
[PlyCount "56"]
[EventDate "2008.12.27"]
[EventType "swiss"]
[EventRounds "6"]
[EventCountry "ITA"]
[SourceTitle "EXT 2011"]
[Source "ChessBase"]
[SourceDate "2010.11.26"]
[SourceVersion "1"]
[SourceVersionDate "2010.11.26"]
[SourceQuality "1"]

1. e4 e5 2. Nf3 Nc6 3. Bc4 Bc5 4. 0-0 Nf6 5. d3 d6 6. a3 a6 7. Nc3 0-0 8. h3 Be6 9. Ba2 Bxa2 10. Rxa2 h6 11. Bd2 d5 12. b4 Bb6 13. Qb1 dxe4 14. Nxe4 Nxe4 15. dxe4 f5 16. exf5 e4 17. b5 axb5 18. Bb4 Nxb4 19. Rd1 Qe7 20. Qb3+ Kh8 21. axb4 Rxa2 22. Qxa2 exf3 23. Qd5 fxg2 24. Kxg2 Qg5+ 25. Kh1 Rxf5 26. Qe4 Rxf2 27. Rg1 Rh2+ 28. Kxh2 Qxg1# 0-1

[Event "Ceriano Laghetto op"]
[Site "Ceriano Laghetto"]
[Date "2008.02.05"]
[Round "1"]
[White "Regorda, Vittorio"]
[Black "Mondini, Francesco"]
[Result "1-0"]
[WhiteElo "1863"]
[BlackElo "1448"]
[PlyCount "67"]
[EventDate "2008.02.05"]
[EventType "swiss"]
[EventRounds "6"]
[EventCountry "ITA"]
[SourceTitle "EXT 2010"]
[Source "ChessBase"]
[SourceDate "2010.11.25"]
[SourceVersion "1"]
[SourceVersionDate "2010.11.25"]
[SourceQuality "1"]

1. Nf3 d5 2. g3 c5 3. Bg2 Nf6 4. 0-0 e6 5. d3 Be7 6. Re1 Nc6 7. Nbd2 0-0 8. e4 dxe4 9. Nxe4 Nd5 10. a3 h6 11. Bd2 Qc7 12. Qc1 Re8 13. c4 Nf6 14. Bxh6 g6 15. Bf4 Qd7 16. Qc3 Nd4 17. Ne5 Nxe4 18. dxe4 Qa4 19. Qe3 Nc2 20. Qf3 Nxa1 21. Qg4 Bf6 22. Rxa1 Bg7 23. h4 Qa5 24. Rd1 Rd8 25. Rxd8+ Qxd8 26. h5 f5 27. Qxg6 Qf6 28. exf5 Qxg6 29. fxg6 a5 30. h6 Bf8 31. Ng4 Ra6 32. Be5 Bg7 33. Bxg7 e5 34. Bd5+ 1-0

[Event "Ceriano Laghetto op-B 15th"]
[Site "Ceriano Laghetto"]
[Date "2006.04.01"]
[Round "3"]
[White "Libutti, Michele"]
[Black "Mondini, Francesco"]
[Result "1-0"]
[WhiteElo "1896"]
[BlackElo "1628"]
[PlyCount "59"]
[EventDate "2006.03.31"]
[EventType "swiss"]
[EventRounds "5"]
[EventCountry "ITA"]
[SourceTitle "EXT 2011"]
[Source "ChessBase"]
[SourceDate "2010.11.26"]
[SourceVersion "1"]
[SourceVersionDate "2010.11.26"]
[SourceQuality "1"]

1. d4 Nf6 2. c4 g6 3. Nc3 Bg7 4. e4 d6 5. Nf3 0-0 6. Be2 Nbd7 7. 0-0 c5 8. d5 a6 9. h3 Re8 10. Bf4 Nb6 11. e5 Nh5 12. Bh2 dxe5 13. Nxe5 Nf6 14. Re1 Nfd7 15. f4 Nxe5 16. fxe5 Nd7 17. Bg4 h5 18. Bf3 e6 19. dxe6 Rxe6 20. Bd5 Re7 21. e6 Bd4+ 22. Kh1 fxe6 23. Bxe6+ Kg7 24. Nd5 Re8 25. Nc7 Nb6 26. Bxc8 Rxe1+ 27. Qxe1 Rxc8 28. Ne6+ Kg8 29. Nxd8 Rxd8 30. Qe6+ 1-0